Ensayo sobre el gusto

Uloženo v:
Podrobná bibliografie
Hlavní autor: Montesquieu, Charles Louis de Secondat, Barón de (autor)
Médium: Kniha
Jazyk:španělština
Vydáno: Buenos Aires Espasa-Calpe 1948
Edice:Colección Austral
Témata:
Tagy: Přidat tag
Žádné tagy, Buďte první, kdo vytvoří štítek k tomuto záznamu!

MARC

LEADER 00000nam a2200000 a 4500
001 UCZ3963
003 CL-VaPUC
008 951027e19480000AG |||||||||||||||||spa|d
082 0 4 |a 111.85  |b MON  |2 21 
100 |a Montesquieu, Charles Louis de Secondat, Barón de  |e autor  |9 515729 
245 1 0 |a Ensayo sobre el gusto 
300 |a 150 p 
942 |c BK 
945 |d 19951027 00:00:00  |a lriquelm 
260 |a Buenos Aires  |b Espasa-Calpe  |c 1948 
650 0 |a Estética   |9 264950 
650 0 |a Artes  |9 268202 
650 0 |a Filosofía del espíritu  |9 320175 
650 0 |a Discursos   |9 265028 
650 0 |a Ensayos franceses  |9 265511 
650 0 |a Filosofía francesa   |9 255698 
650 0 |a Filosofía de las ciencias  |9 256466 
583 |a last modification  |c 19951027 00:00:00  |k Rodrigo Vera 
490 0 |a Colección Austral 
999 |c 240402  |d 240400 
952 |0 0  |1 0  |4 0  |6 111_850000000000000_MON_1948  |7 0  |8 P  |9 252257  |a BIBEDU  |b BIBEDU  |c BIBEDU_PB  |d 2019-11-18  |i 1593145  |o 111.85 MON 1948  |p 1593145  |r 2024-01-25  |w 2019-11-18  |y BK  |k FIL